000 00431nam a2200205Ia 4500
001 002318
003 YMCAF
005 20230512160137.0
008 100717s1971 ||||||||||||||||| ||und|d
024 _a2318
035 _a2298
040 _aYMCAF
_beng
_cIN-KoLT
041 _aeng
082 _aSMA-VEP
100 _aVEPA RAM K.
245 0 _aSMALL INDUSTRY IN THE SEN..
260 _c1971
300 _a307
942 _2ddc
_cBK
999 _c1873
_d1873